[Event "6th Sharjah Masters 2023"]
[Site "Sharjah UAE"]
[Date "2023.05.17"]
[Round "1.21"]
[White "Kobalia, Mikhail"]
[Black "Narayanan, S.L."]
[Result "0-1"]
[WhiteTitle "GM"]
[BlackTitle "GM"]
[WhiteElo "2578"]
[BlackElo "2660"]
[WhiteFideId "4119150"]
[BlackFideId "5058422"]
[EventDate "2023.05.17"]
[EventType "swiss"]

1. e4 c6 2. d4 d5 3. exd5 cxd5 4. Bd3 Nc6 5. c3 e6 6. Nf3 Bd6 7. O-O Nge7 8. Re1
f6 9. c4 O-O 10. Nc3 Bd7 11. a3 Rc8 12. Qe2 Kh8 13. Bd2 dxc4 14. Bxc4 Nf5 15.
Nb5 Bb8 16. Qd3 a6 17. Nc3 Qc7 18. d5 Ncd4 19. Nxd4 Nxd4 20. Qxd4 e5 21. Qe4
Qxc4 22. Be3 Bd6 23. Rac1 f5 24. Qxc4 Rxc4 25. f3 Rfc8 26. Bf2 b5 27. Bg3 a5 28.
Ra1 Re8 29. Re2 Kg8 30. Rae1 b4 31. axb4 axb4 32. Na2 f4 33. Bf2 Rec8 34. Re4
Rxe4 35. fxe4 Rc2 36. Nc1 Rxb2 37. Nd3 Rc2 38. Ra1 b3 39. Rb1 Bb5 40. Ne1 Rc3
41. Nf3 Bd3 42. Be1 Bxb1 43. Bxc3 Bxe4 44. Nxe5 Bxd5 45. Bb2 Bxe5 46. Bxe5 Kf7
47. Kf2 g5 48. g3 fxg3+ 49. hxg3 Ke6 50. Bg7 Kf5 51. Ke3 h5 52. Bc3 h4 0-1

[Event "6th Sharjah Masters 2023"]
[Site "Sharjah UAE"]
[Date "2023.05.17"]
[Round "1.22"]
[White "Nguyen, Thai Dai Van"]
[Black "Iskandarov, Misratdin"]
[Result "1-0"]
[WhiteTitle "GM"]
[BlackTitle "GM"]
[WhiteElo "2645"]
[BlackElo "2577"]
[WhiteFideId "358878"]
[BlackFideId "13400312"]
[EventDate "2023.05.17"]
[EventType "swiss"]

1. d4 Nf6 2. c4 g6 3. Nc3 d5 4. Nf3 Bg7 5. h4 dxc4 6. e4 c5 7. d5 O-O 8. Bxc4
Bg4 9. O-O Nbd7 10. Be2 Bxf3 11. Bxf3 a6 12. a4 c4 13. Be3 Rc8 14. Be2 Nc5 15.
e5 Nfe4 16. Nxe4 Nxe4 17. Qd4 Nd6 18. Bg4 Nf5 19. Bxf5 gxf5 20. h5 Qc7 21. Bf4
Qc5 22. Qc3 h6 23. Rfd1 Rfd8 24. Be3 Qc7 25. f4 e6 26. d6 Qc6 27. a5 f6 28. exf6
Bf8 29. Bd4 Qe8 30. Be5 Qxh5 31. Rd4 Rc6 32. Rxc4 Bxd6 33. Rxc6 bxc6 34. Qxc6
Bb4 35. Rf1 Qe8 36. Qb6 Bf8 37. Rf3 Rd5 38. Kh2 Kf7 39. Rc3 Kg6 40. Qxa6 Rd2 41.
Qb7 1-0

[Event "6th Sharjah Masters 2023"]
[Site "Sharjah UAE"]
[Date "2023.05.17"]
[Round "1.23"]
[White "Tin, Jingyao"]
[Black "Yilmaz, Mustafa"]
[Result "0-1"]
[WhiteTitle "GM"]
[BlackTitle "GM"]
[WhiteElo "2576"]
[BlackElo "2641"]
[WhiteFideId "5804418"]
[BlackFideId "6302718"]
[EventDate "2023.05.17"]
[EventType "swiss"]

1. c4 Nf6 2. Nc3 e5 3. Nf3 Nc6 4. e4 Bb4 5. d3 d6 6. a3 Bc5 7. b4 Bb6 8. Be3 Bg4
9. Be2 Bxf3 10. Bxf3 Nd4 11. Na4 Nxf3+ 12. Qxf3 Bxe3 13. fxe3 O-O 14. O-O c6 15.
Rab1 Nd7 16. Rf2 Qc7 17. h4 a5 18. b5 Nc5 19. Nxc5 dxc5 20. bxc6 bxc6 21. h5 h6
22. Rfb2 Qd6 23. Rd1 Rab8 24. Qe2 Rxb2 25. Qxb2 Rb8 26. Qc2 Kh7 27. Rb1 Rd8 28.
Rd1 Qd7 29. Kf2 Qe7 30. Rh1 Qf6+ 31. Ke2 Qg5 32. Kf2 Rb8 33. a4 Qf6+ 34. Ke2 Rb4
35. Rf1 Qg5 36. Rxf7 Qxg2+ 37. Rf2 Qg4+ 38. Kd2 Qg1 39. Re2 Rb1 40. d4 cxd4 41.
c5 d3 42. Kxd3 Rd1+ 43. Rd2 Qf1+ 0-1

[Event "6th Sharjah Masters 2023"]
[Site "Sharjah UAE"]
[Date "2023.05.17"]
[Round "1.24"]
[White "Abasov, Nijat"]
[Black "Can, Emre"]
[Result "1/2-1/2"]
[WhiteTitle "GM"]
[BlackTitle "GM"]
[WhiteElo "2634"]
[BlackElo "2575"]
[WhiteFideId "13402960"]
[BlackFideId "6302181"]
[EventDate "2023.05.17"]
[EventType "swiss"]

1. e4 c5 2. Nf3 d6 3. c3 Nf6 4. h3 Nc6 5. Bd3 e5 6. Bc2 g6 7. d4 cxd4 8. cxd4
exd4 9. Nxd4 Nxd4 10. Qxd4 Bg7 11. Nc3 O-O 12. O-O Be6 13. Qb4 Qc8 14. Rd1 a5
15. Qxd6 b5 16. a3 Ra6 17. Qf4 Rc6 18. Bd3 Bb3 19. Rd2 b4 20. axb4 axb4 21. Ne2
Bc4 22. Ng3 Bb3 23. Ne2 Bc4 24. Ng3 Bb3 25. Re2 Rd8 26. Qe3 Rxd3 27. Qxd3 Rxc1+
28. Rxc1 Qxc1+ 29. Kh2 Ba4 30. b3 Be8 31. e5 Nd7 32. e6 fxe6 33. Rxe6 Qc8 34.
Qb5 Nf6 35. Qe2 Bf7 36. Rd6 Qe8 37. Qd3 Qe7 38. Rb6 h5 39. Kg1 Kh7 40. Nf1 Nd5
41. Rb5 Nf4 42. Qe3 Ne2+ 43. Kh1 Qxe3 44. Nxe3 Bf8 45. Nc2 Bxb3 46. Nxb4 Nf4 47.
Kg1 Bc4 48. Rb7+ Kg8 49. Rc7 Be6 50. Nc2 Nd5 51. Rb7 Bg7 52. Kf1 Bf6 53. Ra7 Bf5
54. Ne1 Nf4 55. Ra4 Nd5 56. Ra7 Nf4 57. Ra4 Nd5 58. Nf3 Kf7 59. Ra7+ 1/2-1/2

[Event "6th Sharjah Masters 2023"]
[Site "Sharjah UAE"]
[Date "2023.05.17"]
[Round "1.25"]
[White "Kuybokarov, Temur"]
[Black "Aravindh, Chithambaram VR."]
[Result "0-1"]
[WhiteTitle "GM"]
[BlackTitle "GM"]
[WhiteElo "2566"]
[BlackElo "2633"]
[WhiteFideId "14203049"]
[BlackFideId "5072786"]
[EventDate "2023.05.17"]
[EventType "swiss"]

1. e4 e5 2. Nf3 Nc6 3. Bb5 Nge7 4. Nc3 Ng6 5. d4 Nxd4 6. Nxd4 exd4 7. Qxd4 c6 8.
Be2 Qb6 9. Qd2 Be7 10. b3 O-O 11. Bb2 a5 12. Na4 Qc7 13. c4 d5 14. cxd5 Bb4 15.
Bc3 cxd5 16. Rc1 Qd6 17. Bxb4 axb4 18. O-O Nf4 19. exd5 Bf5 20. Bf3 Nd3 21. Rc4
Ne5 22. Rf4 Nxf3+ 23. Rxf3 Bg6 24. Qd4 Rfd8 25. Rd1 b5 26. Nb2 Rxa2 27. h4 f6
28. Rg3 Qe5 29. Qxe5 fxe5 30. Rd2 e4 31. Re3 h5 32. f3 exf3 33. gxf3 Rd6 34. Re6
Rxe6 35. dxe6 Kf8 36. Kf2 Ke7 37. Ke3 Ra3 38. Rg2 Rxb3+ 39. Kd4 Bf5 40. Rxg7+
Kxe6 41. Rg2 Kd6 42. Rg5 Ke6 43. Rg2 Rxf3 44. Kc5 Rf4 45. Rh2 b3 46. Kxb5 Bc2
47. Kc5 Kf5 48. Kd5 Kg4 49. Ke5 Re4+ 50. Kf6 Kg3 51. Rd2 Kxh4 52. Rg2 Rf4+ 53.
Ke5 Rg4 54. Rh2+ Kg5 55. Rh1 h4 56. Rh2 Re4+ 57. Kd5 Kg4 0-1

[Event "6th Sharjah Masters 2023"]
[Site "Sharjah UAE"]
[Date "2023.05.17"]
[Round "1.26"]
[White "Dardha, Daniel"]
[Black "Erdos, Viktor"]
[Result "1/2-1/2"]
[WhiteTitle "GM"]
[BlackTitle "GM"]
[WhiteElo "2631"]
[BlackElo "2565"]
[WhiteFideId "240990"]
[BlackFideId "719978"]
[EventDate "2023.05.17"]
[EventType "swiss"]

1. d4 Nf6 2. c4 g6 3. h4 c6 4. Nc3 d5 5. cxd5 cxd5 6. Bf4 Nc6 7. e3 Bg7 8. Be2
O-O 9. h5 Re8 10. hxg6 hxg6 11. Nf3 Bg4 12. Ne5 Bxe2 13. Qxe2 Nxe5 14. Bxe5 Ne4
15. Bxg7 Kxg7 16. Nxe4 dxe4 17. Qb5 Qc7 18. Qd5 Rad8 19. Qxe4 e5 20. dxe5 Rxe5
21. Qf4 Qa5+ 22. b4 Qd5 23. Qh6+ 1/2-1/2

[Event "6th Sharjah Masters 2023"]
[Site "Sharjah UAE"]
[Date "2023.05.17"]
[Round "1.27"]
[White "Acs, Peter"]
[Black "Sargsyan, Shant"]
[Result "0-1"]
[WhiteTitle "GM"]
[BlackTitle "GM"]
[WhiteElo "2561"]
[BlackElo "2630"]
[WhiteFideId "708020"]
[BlackFideId "13306766"]
[EventDate "2023.05.17"]
[EventType "swiss"]

1. e4 e5 2. Nf3 Nc6 3. d4 exd4 4. Nxd4 Nf6 5. Nxc6 bxc6 6. e5 Qe7 7. Qe2 Nd5 8.
h4 f6 9. c4 Ba6 10. Rh3 Nb6 11. Nd2 fxe5 12. Re3 d6 13. g3 Qd7 14. Ra3 Bc8 15.
c5 Nd5 16. Ne4 Be7 17. Qh5+ g6 18. Qe2 a5 19. Bh6 Qg4 20. f3 Qe6 21. O-O-O Ba6
22. Rxa5 Bxe2 23. Rxa8+ Kd7 24. Rxh8 Bxf1 25. Rxf1 Nb4 26. b3 Qh3 27. Rd1 Qg2
28. Rd2 Qf1+ 29. Kb2 Nd3+ 30. Kc3 Qxf3 31. Rxd3 Qxe4 32. Rxh7 Ke6 33. cxd6 cxd6
34. Re3 Qb1 35. a4 Bd8 36. Rb7 Ba5+ 37. b4 c5 38. Kc4 Bxb4 39. Kb5 Bd2+ 40. Kc6
Qh1+ 41. Kc7 Bxe3 42. Bxe3 Qe1 43. Bg5 Qa5+ 44. Rb6 Qa7+ 45. Rb7 Qxa4 46. Rb6
Qa7+ 47. Rb7 Qa5+ 48. Rb6 c4 49. g4 c3 50. h5 gxh5 51. gxh5 c2 52. h6 Qc5+ 53.
Kb7 c1=Q 0-1

[Event "6th Sharjah Masters 2023"]
[Site "Sharjah UAE"]
[Date "2023.05.17"]
[Round "1.28"]
[White "Yakubboev, Nodirbek"]
[Black "Suleymanli, Aydin"]
[Result "1/2-1/2"]
[WhiteTitle "GM"]
[BlackTitle "GM"]
[WhiteElo "2630"]
[BlackElo "2560"]
[WhiteFideId "14203987"]
[BlackFideId "13413937"]
[EventDate "2023.05.17"]
[EventType "swiss"]

1. c4 Nf6 2. Nc3 e5 3. Nf3 Nc6 4. e4 Bb4 5. d3 d6 6. Be2 Bg4 7. a3 Bc5 8. b4 Bb6
9. Na4 Bxf3 10. Bxf3 Nd4 11. Be3 Nxf3+ 12. Qxf3 Bxe3 13. Qxe3 O-O 14. O-O Re8
15. Rfd1 c6 16. d4 exd4 17. Rxd4 a5 18. b5 Qe7 19. Rad1 Rad8 20. Nc3 c5 21. R4d3
Nxe4 22. Re1 Qf8 23. Nxe4 f5 24. f3 1/2-1/2

[Event "6th Sharjah Masters 2023"]
[Site "Sharjah UAE"]
[Date "2023.05.17"]
[Round "1.29"]
[White "Van Foreest, Lucas"]
[Black "Petrosyan, Manuel"]
[Result "1/2-1/2"]
[WhiteTitle "GM"]
[BlackTitle "GM"]
[WhiteElo "2556"]
[BlackElo "2629"]
[WhiteFideId "1039792"]
[BlackFideId "13300857"]
[EventDate "2023.05.17"]
[EventType "swiss"]

1. d4 Nf6 2. Nf3 d5 3. Bf4 e6 4. Nbd2 Bd6 5. e3 O-O 6. Bd3 b6 7. Bxd6 cxd6 8.
O-O Bb7 9. c4 dxc4 10. Nxc4 Nc6 11. Rc1 Qd7 12. Re1 Rfd8 13. Ncd2 Rac8 14. e4
Ne7 15. Qb3 Rxc1 16. Rxc1 Rc8 17. Rc2 Rxc2 18. Qxc2 Qc6 19. Ne1 1/2-1/2

[Event "6th Sharjah Masters 2023"]
[Site "Sharjah UAE"]
[Date "2023.05.17"]
[Round "1.30"]
[White "Chigaev, Maksim"]
[Black "Mchedlishvili, Mikheil"]
[Result "0-1"]
[WhiteTitle "GM"]
[BlackTitle "GM"]
[WhiteElo "2628"]
[BlackElo "2553"]
[WhiteFideId "4108116"]
[BlackFideId "13600966"]
[EventDate "2023.05.17"]
[EventType "swiss"]

1. c4 c6 2. Nf3 d5 3. e3 Nf6 4. Nc3 e6 5. b3 Bd6 6. Bb2 O-O 7. Be2 b6 8. Qc2 Bb7
9. Rg1 e5 10. g4 Na6 11. a3 Nc7 12. g5 Nd7 13. h4 Ne6 14. h5 f5 15. gxf6 Qxf6
16. O-O-O Qe7 17. h6 g6 18. a4 e4 19. Nxe4 dxe4 20. Qxe4 Nf4 21. Bd3 Qxe4 22.
Bxe4 Ne2+ 23. Kc2 Nxg1 24. Rxg1 Be7 25. Nd4 Bf6 26. f4 Rae8 27. Bxc6 Bxc6 28.
Nxc6 Bxb2 29. Kxb2 a5 30. Nd4 Nc5 31. Kc2 Rf6 32. Rg3 Rd8 33. Rg2 Ne4 34. Nf3
Nd6 35. d4 Nf5 36. Kd3 Nxh6 37. Ng5 Nf5 38. d5 Nd6 39. Rg4 Nb7 40. e4 Nc5+ 41.
Kd4 Kg7 42. Ke3 Re8 43. e5 Rf5 44. Rg1 Ref8 45. e6 h6 46. Nh3 Re8 47. Rd1 Nxe6
48. dxe6 Rxe6+ 49. Kf3 Rf7 50. Rd5 g5 51. f5 Re1 52. Rb5 Rf1+ 53. Nf2 h5 54. Ke2
Rg1 55. Ne4 h4 56. Nd6 Re7+ 57. Kf2 Rg4 58. Rxb6 Rf4+ 59. Kg2 g4 0-1

[Event "6th Sharjah Masters 2023"]
[Site "Sharjah UAE"]
[Date "2023.05.17"]
[Round "1.31"]
[White "Ju, Wenjun"]
[Black "Karthikeyan, Murali"]
[Result "1-0"]
[WhiteTitle "GM"]
[BlackTitle "GM"]
[WhiteElo "2550"]
[BlackElo "2627"]
[WhiteFideId "8603006"]
[BlackFideId "5074452"]
[EventDate "2023.05.17"]
[EventType "swiss"]

1. d4 Nf6 2. c4 e6 3. Nf3 d5 4. g3 dxc4 5. Bg2 Bd7 6. O-O Bc6 7. Qc2 Nbd7 8.
Qxc4 Bd5 9. Qd3 Be4 10. Qd2 c5 11. Nc3 Bc6 12. Rd1 Rc8 13. Qd3 c4 14. Qc2 Bb4
15. Ne1 O-O 16. Bxc6 Rxc6 17. e4 a6 18. Nf3 h6 19. a3 Bxc3 20. bxc3 Qa5 21. a4
Qh5 22. Kg2 e5 23. Ba3 Re8 24. d5 Rb6 25. Re1 g5 26. Qe2 Rc8 27. h3 a5 28. Be7
Qg6 29. Nd2 Rb2 30. Rab1 Rc2 31. Rxb7 Rxc3 32. Nf3 Rb3 33. Rxb3 cxb3 34. Qb2
Nxe4 35. Qxb3 Rc3 36. Qd1 f5 37. d6 Qe6 38. Qe2 Qb3 39. Qd1 Qxd1 40. Rxd1 Rc2
41. Rf1 Ra2 42. g4 f4 43. h4 gxh4 44. Nxh4 Rxa4 45. Nf5 f3+ 46. Kh3 Ra2 47. Bh4
Kf7 48. Nxh6+ Kg6 49. Nf5 a4 50. Rc1 Nec5 51. Ne7+ Kf7 52. g5 a3 53. g6+ Kg7 54.
Rg1 Ne6 55. Nf5+ Kh8 56. g7+ 1-0

[Event "6th Sharjah Masters 2023"]
[Site "Sharjah UAE"]
[Date "2023.05.17"]
[Round "1.32"]
[White "Sadhwani, Raunak"]
[Black "Mishra, Abhimanyu"]
[Result "1/2-1/2"]
[WhiteTitle "GM"]
[BlackTitle "GM"]
[WhiteElo "2627"]
[BlackElo "2550"]
[WhiteFideId "35093487"]
[BlackFideId "30920019"]
[EventDate "2023.05.17"]
[EventType "swiss"]

1. d4 Nf6 2. c4 e6 3. Nc3 d5 4. cxd5 exd5 5. Bg5 c6 6. e3 h6 7. Bh4 Be7 8. Bd3
O-O 9. Nge2 Ne8 10. Bg3 Nd6 11. Qc2 Re8 12. O-O Bf8 13. b4 Na6 14. Rfb1 Nc4 15.
Bxc4 dxc4 16. a3 Nc7 17. e4 b5 18. d5 cxd5 19. Rd1 a6 20. Bxc7 Qxc7 21. Nxd5 Qb7
22. Nec3 Be6 23. a4 Bd7 24. h3 Bc6 25. axb5 axb5 26. Rxa8 Rxa8 27. Qe2 Kh8 28.
h4 Bd6 29. g4 Be5 30. g5 Bxc3 31. Nxc3 Qe7 32. Qe3 Qxb4 33. Rb1 Qd6 34. Nxb5
Bxb5 35. Rxb5 Ra1+ 36. Kg2 Qd1 37. Kg3 Qh1 38. Qf3 Rg1+ 39. Kf4 Qxh4+ 40. Ke3
Re1+ 41. Kd4 Qh2 42. Qxf7 Qd6+ 43. Rd5 Qb6+ 44. Ke5 Qb2+ 45. Rd4 Qb8+ 46. Ke6
Qb6+ 47. Ke5 Qb8+ 48. Ke6 Rb1 49. e5 Qc8+ 50. Rd7 Qc6+ 51. Kf5 g6+ 52. Kf4 hxg5+
53. Kxg5 Qg2+ 54. Kf6 Qxf2+ 55. Ke6 Qxf7+ 1/2-1/2

[Event "6th Sharjah Masters 2023"]
[Site "Sharjah UAE"]
[Date "2023.05.17"]
[Round "1.33"]
[White "Moroni, Luca Jr"]
[Black "Sethuraman, S.P."]
[Result "1-0"]
[WhiteTitle "GM"]
[BlackTitle "GM"]
[WhiteElo "2535"]
[BlackElo "2626"]
[WhiteFideId "865834"]
[BlackFideId "5021596"]
[EventDate "2023.05.17"]
[EventType "swiss"]

1. e4 c5 2. Nc3 d6 3. f4 g6 4. d4 cxd4 5. Qxd4 Nf6 6. Bd3 Bg7 7. Qf2 O-O 8. Nf3
Nbd7 9. h3 Qb6 10. e5 Qxf2+ 11. Kxf2 Ne8 12. Re1 Nc5 13. Bf1 dxe5 14. fxe5 Nc7
15. Be3 b6 16. Rad1 Be6 17. Bg5 Rfe8 18. Nd4 Bd7 19. Nb3 Bf5 20. Nxc5 bxc5 21.
g4 Be6 22. Na4 Rab8 23. c4 Na6 24. b3 Kf8 25. Bg2 Rec8 26. Re2 Ke8 27. Bf4 Bd7
28. Nc3 Bc6 29. Nd5 e6 30. Nf6+ Bxf6 31. exf6 Bxg2 32. Kxg2 Rd8 33. Rh1 Rb7 34.
h4 Rd3 35. h5 Kd7 36. Rh3 Rd4 37. Be5 Rd1 38. Kf3 g5 39. h6 Nb4 40. Rh5 Nd3 41.
Rxg5 Nxe5+ 42. Rgxe5 Kc6 43. Rg5 Rf1+ 44. Rf2 Rh1 45. Rh5 Rg1 46. Rd2 Rf1+ 47.
Kg3 Rb8 48. Rg5 Rxf6 49. Rg7 Rxh6 50. Rxf7 Rg8 51. Rfd7 e5 52. Rxa7 Kb6 53. Rad7
Kc6 54. Rd8 Rxd8 55. Rxd8 Rh1 56. Rd2 Rf1 57. Rf2 Rg1+ 58. Rg2 Rf1 59. Rh2 e4
60. Rf2 Re1 61. Rh2 Rf1 62. Rf2 Re1 63. Kf4 e3 64. Rh2 e2 65. Kf3 Kd6 66. Rxe2
Rf1+ 67. Rf2 Rh1 68. Kg3 Ke5 69. Rf5+ Ke4 70. Rxc5 Rg1+ 71. Kh4 h6 72. Kh5 Rh1+
73. Kg6 Rh4 74. a4 Rxg4+ 75. Kxh6 Kd4 76. Rb5 Rg1 77. a5 Rg2 78. c5 Ke5 79. a6
Kf5 80. Rb6 Ke5 81. b4 Rg1 82. b5 Kd5 83. a7 1-0

[Event "6th Sharjah Masters 2023"]
[Site "Sharjah UAE"]
[Date "2023.05.17"]
[Round "1.34"]
[White "Indjic, Aleksandar"]
[Black "Muradli, Mahammad"]
[Result "1/2-1/2"]
[WhiteTitle "GM"]
[BlackTitle "GM"]
[WhiteElo "2618"]
[BlackElo "2531"]
[WhiteFideId "911925"]
[BlackFideId "13409301"]
[EventDate "2023.05.17"]
[EventType "swiss"]

1. c4 e6 2. g3 d5 3. Bg2 Nf6 4. Nf3 d4 5. d3 Bb4+ 6. Bd2 a5 7. O-O Nc6 8. e3 O-O
9. exd4 Bxd2 10. Nbxd2 Nxd4 11. Re1 Ra6 12. Nb3 Nxf3+ 13. Qxf3 b6 14. Rad1 a4
15. Nc1 Ra5 16. d4 Qd6 17. Qc3 Rd8 18. c5 Qf8 19. Nd3 Nd5 20. Bxd5 Rxd5 21. Nb4
Rd7 22. c6 Rd8 23. Rd3 h6 24. a3 Qe7 25. Re5 Qf6 26. f4 Qg6 27. Qe1 Kh7 28. Rd1
Rd6 29. Qe2 f6 30. Re3 e5 31. fxe5 Bg4 32. Qd3 fxe5 33. Qxg6+ Kxg6 34. Rd2 exd4
35. Re4 Be6 36. Rexd4 Rxd4 37. Rxd4 Kf6 38. Kf2 Rc5 39. Ke3 g5 40. h4 h5 41.
hxg5+ Rxg5 42. Kf2 Rc5 43. Ke3 Rg5 44. Kf2 Rc5 45. Ke3 Ke5 1/2-1/2

[Event "6th Sharjah Masters 2023"]
[Site "Sharjah UAE"]
[Date "2023.05.17"]
[Round "1.35"]
[White "Galperin, Platon"]
[Black "Aryan, Chopra"]
[Result "1/2-1/2"]
[WhiteTitle "GM"]
[BlackTitle "GM"]
[WhiteElo "2528"]
[BlackElo "2617"]
[WhiteFideId "14165414"]
[BlackFideId "5084423"]
[EventDate "2023.05.17"]
[EventType "swiss"]

1. e4 e5 2. Nf3 Nc6 3. Nc3 Nf6 4. h3 Bb4 5. Bd3 O-O 6. O-O d6 7. Ne2 Bc5 8. Ng3
Be6 9. c3 d5 10. Ng5 a5 11. Bb5 Nxe4 12. N3xe4 dxe4 13. Nxe6 fxe6 14. Qe2 Qh4
15. d3 exd3 16. Bxd3 Rxf2 17. Rxf2 Qg3 18. Bxh7+ Kxh7 1/2-1/2

[Event "6th Sharjah Masters 2023"]
[Site "Sharjah UAE"]
[Date "2023.05.17"]
[Round "1.36"]
[White "Ter-Sahakyan, Samvel"]
[Black "Vasquez Schroeder, Rodrigo"]
[Result "1/2-1/2"]
[WhiteTitle "GM"]
[BlackTitle "GM"]
[WhiteElo "2617"]
[BlackElo "2524"]
[WhiteFideId "13302531"]
[BlackFideId "3400042"]
[EventDate "2023.05.17"]
[EventType "swiss"]

1. e4 e5 2. Nf3 Nc6 3. Bb5 a6 4. Ba4 Nf6 5. O-O Be7 6. Re1 b5 7. Bb3 d6 8. c3
O-O 9. h3 Bb7 10. d4 Re8 11. a3 h6 12. Ba2 Bf8 13. d5 Nb8 14. c4 c6 15. Nc3 Nbd7
16. Be3 bxc4 17. dxc6 Bxc6 18. Qe2 Nb6 19. Rad1 Rb8 20. Bxb6 Qxb6 21. Qxc4 Rb7
22. Rd2 Rc7 23. Qe2 Rec8 24. Nh2 Bd7 25. Ng4 Bxg4 26. hxg4 Be7 27. Red1 g6 28.
Rd3 Kg7 29. Rf3 Qa7 30. Rdd3 Rf8 31. Rh3 Nh7 32. Rh1 Ng5 33. g3 Ne6 34. Kg2 Nd4
35. Qe3 Rh8 36. Rd2 Bd8 37. Nd5 Rc8 38. f4 Qd7 39. Rf1 Rf8 40. Rxd4 exd4 41.
Qxd4+ f6 42. Rf2 Kh7 43. Qd1 Qc6 44. Bb3 Qb7 45. Kh3 Bb6 46. Re2 Bc5 47. Qd3 Kg7
48. Bc2 Kh8 49. b4 Ba7 50. Kg2 Rce8 51. Kf3 Qf7 52. Bb3 f5 53. Qc3+ Qg7 54.
Qxg7+ Kxg7 55. gxf5 gxf5 56. exf5 Rxe2 57. Kxe2 Rxf5 58. Kf3 Rf8 59. Bc4 a5 60.
Ke4 axb4 61. axb4 Rc8 62. Be2 Rc2 63. Bf3 Rb2 64. g4 Bf2 65. Kf5 Be1 66. g5 hxg5
67. fxg5 Bxb4 68. Nxb4 Rxb4 69. Ke6 Rb5 70. Kxd6 Rxg5 71. Be4 1/2-1/2

[Event "6th Sharjah Masters 2023"]
[Site "Sharjah UAE"]
[Date "2023.05.17"]
[Round "1.37"]
[White "Aditya, Mittal"]
[Black "Puranik, Abhimanyu"]
[Result "1/2-1/2"]
[WhiteTitle "GM"]
[BlackTitle "GM"]
[WhiteElo "2522"]
[BlackElo "2613"]
[WhiteFideId "35042025"]
[BlackFideId "5061245"]
[EventDate "2023.05.17"]
[EventType "swiss"]

1. e4 c5 2. Nf3 e6 3. d4 cxd4 4. Nxd4 Nc6 5. Nc3 a6 6. Nxc6 bxc6 7. Bd3 d5 8.
O-O Nf6 9. Qf3 Be7 10. e5 Nd7 11. Qg3 Qc7 12. Re1 Kf8 13. Bg5 Bc5 14. Na4 Bd4
15. Bf4 Qa5 16. c3 Ba7 17. Bc2 c5 18. Qh4 c4 19. Bg5 Bb7 20. Be7+ Kg8 21. Qg5 h6
22. Qg4 h5 23. Qg5 Rh6 24. b4 Qc7 25. Nc5 Nxc5 26. Bf6 Rg6 27. Bxg6 fxg6 28.
bxc5 gxf6 29. exf6 Kf7 30. Re3 Qd8 31. Rb1 Bc6 32. Rbe1 Bd7 33. Rh3 Qg8 34. g4
Bxc5 35. Kf1 hxg4 36. Rh6 Bf8 37. Rh4 Rb8 38. Rxg4 Bc5 39. Rh4 Rb2 40. Re2 Rb1+
41. Re1 Rb2 42. Re2 Rb1+ 43. Kg2 Bb6 44. Rh6 Bd8 45. Re3 d4 46. Reh3 Bc6+ 47. f3
Rb2+ 48. Kf1 Rb1+ 49. Kf2 Rb2+ 50. Ke1 Rb1+ 51. Kf2 Rb2+ 52. Ke1 Rb1+ 1/2-1/2

[Event "6th Sharjah Masters 2023"]
[Site "Sharjah UAE"]
[Date "2023.05.17"]
[Round "1.38"]
[White "Kovalev, Vladislav"]
[Black "Petkov, Momchil"]
[Result "1-0"]
[WhiteTitle "GM"]
[BlackTitle "GM"]
[WhiteElo "2612"]
[BlackElo "2522"]
[WhiteFideId "13504398"]
[BlackFideId "2921642"]
[EventDate "2023.05.17"]
[EventType "swiss"]

1. e4 c6 2. Nf3 d5 3. d3 e6 4. Qe2 Nf6 5. g3 Be7 6. Bg2 c5 7. e5 Nfd7 8. c4 Nc6
9. O-O d4 10. h4 h6 11. h5 O-O 12. Bf4 f6 13. exf6 Nxf6 14. Ne5 Nxe5 15. Bxe5
Qe8 16. Bf3 Nd7 17. Bc7 Bg5 18. Bg2 e5 19. Bd6 Be7 20. Bc7 Bg5 21. Nd2 Nf6 22.
Ne4 Nxe4 23. Bxe4 Bh3 24. Bxb7 Bxf1 25. Rxf1 Qd7 26. Bxa8 Qxc7 27. Bd5+ Kh8 28.
Re1 Bf6 29. Qg4 Qc8 30. Be6 Qe8 31. Re2 a5 32. b3 Qe7 33. Bd5 Qd6 34. Qf5 Qc7
35. Be4 g5 36. hxg6 Kg7 37. Bd5 1-0

[Event "6th Sharjah Masters 2023"]
[Site "Sharjah UAE"]
[Date "2023.05.17"]
[Round "1.39"]
[White "Asis Gargatagli, Hipolito"]
[Black "Vakhidov, Jakhongir"]
[Result "1/2-1/2"]
[WhiteTitle "GM"]
[BlackTitle "GM"]
[WhiteElo "2519"]
[BlackElo "2607"]
[WhiteFideId "2260735"]
[BlackFideId "14201801"]
[EventDate "2023.05.17"]
[EventType "swiss"]

1. e4 c5 2. Nf3 Nc6 3. d4 cxd4 4. Nxd4 g6 5. c4 Nf6 6. Nc3 d6 7. f3 Bg7 8. Be3
O-O 9. Be2 Nxd4 10. Bxd4 Bd7 11. Qd2 a5 12. h4 Nh5 13. Bxg7 Kxg7 14. O-O-O Ng3
15. Rhe1 Bc6 16. h5 a4 17. h6+ Kg8 18. Qd4 Nh5 19. Kb1 Qa5 20. Nd5 Bxd5 21. exd5
Qc5 22. Qc3 Qa5 23. Qd4 Qc5 24. Qc3 Qa5 25. Qd4 1/2-1/2

[Event "6th Sharjah Masters 2023"]
[Site "Sharjah UAE"]
[Date "2023.05.18"]
[Round "2.1"]
[White "Maghsoodloo, Parham"]
[Black "Korobov, Anton"]
[Result "1/2-1/2"]
[WhiteTitle "GM"]
[BlackTitle "GM"]
[WhiteElo "2734"]
[BlackElo "2664"]
[WhiteFideId "12539929"]
[BlackFideId "14105730"]
[EventDate "2023.05.17"]
[EventType "swiss"]

1. e4 e6 2. d4 d5 3. Nc3 Nf6 4. e5 Nfd7 5. f4 c5 6. Nf3 Nc6 7. Be3 Be7 8. Qd2 a6
9. a3 b6 10. Bd3 O-O 11. O-O f5 12. exf6 Nxf6 13. Kh1 Qc7 14. Bg1 Bd6 15. g3
cxd4 16. Nxd4 e5 17. fxe5 Nxe5 18. Bf5 Bb7 19. Qg2 Rfe8 20. Be6+ Kh8 21. Rxf6
gxf6 22. Bxd5 Rab8 23. Rf1 Nc4 24. Nc6 Rbc8 25. Nd4 Bxd5 26. Nxd5 Qb7 27. b3 Nd2
28. Nf5 Nxf1 29. Nxd6 Rxc2 30. Nxb7 Rxg2 31. Kxg2 Nd2 32. Bxb6 Re2+ 33. Kh3 Nxb3
34. a4 Kg7 35. a5 Rb2 36. Nd6 Ra2 37. Nb4 Ra4 38. Nxa6 Nxa5 39. Nc5 Ra2 40. Ne6+
Kg6 41. Nf4+ Kg7 42. Nf5+ Kf7 43. Nh6+ Kg7 44. Ng4 Nc6 45. Nd5 f5 46. Nge3 Kg6
47. Ng2 Ne5 48. Ne7+ Kf6 49. Bd4 Kxe7 50. Bxe5 Kf7 51. Nf4 Rd2 52. Bc3 Ra2 53.
Bd4 Rc2 54. Bg1 Rc1 55. Kg2 Rc2+ 56. Kf3 Ra2 57. h4 Ra3+ 58. Be3 Kf6 59. Nd5+
Ke5 60. Nb6 Ke6 61. Nc4 Ra4 62. Nd2 Ra3 63. Ke2 Ra2 64. Bf4 Kd5 65. Bg5 Ra3 66.
Kf2 Rd3 67. Be3 Ra3 68. Ke2 Ra2 69. Kf3 Ra4 70. Nb3 Rc4 71. Nc5 Kd6 72. Bg1 Rb4
73. Bf2 Rc4 74. Be3 Rb4 75. Nd3 Rb3 76. Nc1 Ra3 77. Kf4 Ke6 78. Ne2 Kf6 79. Nc3
Ke6 80. Bd2 Ra8 81. Ne2 Ra2 82. Nd4+ Kf6 83. Bc3 Ra4 84. Ke3 Kg6 85. Kf3 Rc4 86.
Ne2 Ra4 87. Bd4 Ra3+ 88. Kf4 Ra5 89. Nc3 h6 90. Ne2 Ra2 91. Ng1 Rc2 92. Nf3 Re2
93. Be3 Ra2 94. Ne5+ Kf6 95. Nd7+ Kg6 96. h5+ Kxh5 97. Kxf5 Ra5+ 98. Ne5 Rb5 99.
Bd2 Rd5 100. Bb4 Rb5 101. Bd2 Rd5 102. Be1 Rd4 103. Bd2 Rd5 104. Bc3 Rc5 105.
Bb4 Rb5 106. Be7 Rb4 107. Bc5 Rb5 108. Be3 Ra5 109. Bd2 Rd5 110. Bc3 Rc5 111.
Be1 Rc4 112. Kf6 Rf4+ 113. Ke6 Rf6+ 114. Kd5 Rf1 115. g4+ Kg5 116. Bd2+ Kf6 117.
Ke4 Rh1 118. Kf4 Ra1 119. Nf3 Ra3 120. Nh4 Ra4+ 121. Kf3 h5 122. g5+ Ke6 123.
Bf4 Ra3+ 124. Be3 Ra4 125. Ng2 Kf5 126. Bf4 Rxf4+ 127. Nxf4 Kxg5 128. Nxh5 1/2-1/2